000 01167nam a2200205Ia 4500
003 Ost
005 20260507075637.0
008 260507s9999||||xx |||||||||||||| ||und||
040 _cfsecg
041 _aara
082 _a338.54
100 _aالحمش، منير
_eمؤلف
245 0 _aأوراق في الإقتصاد السياسي للأزمة الإقتصادية الراهنة :
_bدراسة /
_c منير الحمش
260 _aدمشق:
_bمنشورات اتحاد كتاب العرب,
_c1999
300 _a349 صفحة؛
_bإيضاحات ؛
_c24 سم
520 _aالرأسمالية، الإشتراكية- المخاطر والتحديات التي تواجه الوطن العربي على مشارف القرن الحادي والعشرون- التطورات والتغيرات الإقتصادية الدولية وأثرها على الإقتصادات العربية- انخفاض اسعار النفط وأثره على اقتصاديات دول الخليج العربي- التنمية والحراك الإجتماعي.
653 _aالأزمة الإقتصادية
653 _aالإقتصاد السياسي
942 _cكتاب
999 _c45314
_d45314